Integrácia navigačných systémov monografia : [... projektom KEGA č. 3/4129/06 "Integrované navigačné systémy"

Podrobná bibliografia
Hlavní autori: Soták, Miloš, 1976- (Autor), Sopata, Milan, 1967- (Autor), Bréda, Róbert, 1966- (Autor), Roháč, Ján (Autor), Váci, Ľuboš (Autor)
Médium: Kniha
Jazyk:slovenčina
Fyzický popis:344 s. fotogr., sch., tab. 21 cm
Vydavateľské údaje: Košice Róbert Bréda 2006
ISBN:8096961993
Vydanie:1. vyd.
Predmet:

MARC

LEADER 00000nam a2200000 a 4500
001 vtls009166289
003 SK-MaSNL
005 20260301023659.0
008 160610s2006 xo ol f 001 0 slo
015 |a SNBA2008/01-00055 
020 |a 8096961993  |q (brož.) 
035 |a 9F243CB7-C8B4-42E5-BB41-8C40F0C0E0DF 
035 |a urn:nbn:sk:snk-amlbs8 
035 |a urn:nbn:sk:snk-am0092bv 
040 |a SNK  |b slo  |c SNK  |e AACR2 
041 0 |a slo 
044 |a xo  |c SK 
072 7 |a 656.6/.7  |x Vodná a letecká doprava  |2 konspekt 
080 |a 629.7  |2 2001 
080 |a 629.7.072.116  |2 2001 
080 |a (048.8)  |2 2001 
080 |a 656.7  |2 2001 
245 0 0 |a Integrácia navigačných systémov  |b monografia : [... projektom KEGA č. 3/4129/06 "Integrované navigačné systémy"  |c Miloš Soták ... [et al.] 
250 |a 1. vyd. 
260 |a Košice  |b Róbert Bréda  |c 2006 
300 |a 344 s.  |b fotogr., sch., tab.  |c 21 cm 
366 |e 60 výt. 
504 |a Bibliogr. s. 335-340. Index. Zoz. 
650 0 7 |a letecká technika  |2 SNKPH  |9 70986 
650 0 7 |a letecká navigácia  |2 SNKPH  |9 85234 
650 0 7 |a Air transportation  |2 SNKPHeng  |9 268187 
650 0 7 |a Aeronautical engineering  |2 SNKPHeng  |9 316236 
650 0 7 |a Air navigation  |2 SNKPHeng  |9 316237 
650 0 7 |a letecká doprava  |2 SNKPH  |9 50044 
655 7 |a monografie  |2 SNKPH  |9 70139 
655 7 |a Monographs  |2 SNKPHeng  |9 120675 
700 1 |a Soták, Miloš,  |d 1976-  |4 aut  |9 316454 
700 1 |a Sopata, Milan,  |d 1967-  |4 aut  |9 316455 
700 1 |a Bréda, Róbert,  |d 1966-  |4 aut  |9 171855 
700 1 |a Roháč, Ján  |4 aut  |9 292962 
700 1 |a Váci, Ľuboš  |4 aut  |9 316456 
919 |a 80-969619-9-3 
958 |a NB 
958 |a OND 
968 |d 65 
999 |c 569652  |d 571582 
952 |a SNK  |b SNK  |y VYP  |7 0  |p 17A0573443  |o snkSC 130124 D1  |i snk2007/27027  |8 0  |0 0  |1 0  |4 0  |d 2007-12-11  |l 0  |r 2026-02-23 14:11:19  |w 2026-02-23 
952 |a SNK  |b SNK  |y PREZ  |7 0  |p 17A0573444  |o snkSC 130124  |i snk2007/27026  |8 0  |0 0  |1 0  |4 0  |d 2007-12-11  |f 1  |l 0  |r 2025-06-19 00:00:00  |w 2026-02-23